| 000 | 00820nam a22002057a 4500 | ||
|---|---|---|---|
| 999 |
_c61158 _d61158 |
||
| 005 | 20231225162601.0 | ||
| 008 | 231225s2004 ru ||||| |||| 00| 0 rus d | ||
| 020 | _a569905684Х | ||
| 041 | _arus | ||
| 080 | _a902(51) K-73 | ||
| 100 |
_aКотрелл, Морис _920877 |
||
| 245 |
_aХранители гробницы : _bСекретный код терракотовой армии / _cМорис Котрелл. |
||
| 264 |
_aМосква : _bЭксмо, _c2004. |
||
| 300 |
_a352 с. : _bил.; _c22 см. |
||
| 440 |
_aТайны древних цивилизаций _920878 |
||
| 653 | _aისტორია | ||
| 653 | _aსაფლავის მცველები | ||
| 653 | _aტერაკოტის არმიის საიდუმლო კოდი | ||
| 942 |
_2udc _cᲬᲘᲒᲜᲘ |
||